000 00463nam a22001937a 4500
001 47037
003 UA-OsUOA
005 20240215111835.0
007 ta
008 20070710b un ||||| |||| 00| 0 ukr d
040 _aUA-OsUOA
_cUA-OsUOA
_dUA-OsUOA
090 _bА11
100 _aСекретарев А.
_91768
245 _aПоследний репортаж
_bфотоальбом
300 _a207 с.
650 7 _2UDC
942 _cBK
_2udc
955 _a2
999 _c333137
_d333137